Pays les plus proches du Venezuela - Statistiques

Statistiques générales
  • Ce quiz a été pris 438 fois
  • Le résultat moyen est 13 sur 20
Statistiques - réponses
km pays % Correct
0 Brésil
98%
0 Colombie
98%
0 Guyana
95%
441 Panama
90%
293 Suriname
90%
562 Pérou
86%
345 Sainte-Lucie
72%
14 Trinité-et-Tobago
71%
357 Barbade
69%
206 Saint-Vincent-et-les- Grenadines
68%
500 Dominique
67%
139 Grenade
66%
831 Jamaïque
65%
676 Haïti
64%
673 Saint-Christophe- et-Niévès
63%
621 République dominicaine
62%
696 Antigua-et-Barbuda
60%
80 Curaçao
25%
27 Aruba
24%
765 Sint Maarten
4%
Aucun quiz correspondant
Distribution des résultats
% des personnes avec chaque résultat
Percentile par nombre de réponses
Votre historique - résultats
Vous n’avez pas pris ce quiz